000 00480 a2200193 4500
001 108698
020 _a9788562500510
041 _apor
082 _aP Year 5 028
100 _aGaiman, Neil.
250 _a. ed.
697 _aLiteratura infantojuvenil.
856 _u00002d/00002d4f.jpg
040 _aBR-BrIDEA
_cBR-BrIDEA
090 _aP Year 5 028
_bGAI
245 1 0 _aInstrucões
_c Neil Gaiman
260 _aRio de Janeiro
_bRocco Pequenos Leitores
_c2013
942 _cBK
999 _c108698
_d108698